000 00409cam a2200181 4500
001 D14473
008 090401t1952 xxu||||| |||| 00| 0 eng d
035 _a(Sirsi) u15927
041 _aeng
100 _aWilliamson, James
245 _aSurveying and field work
250 _a3rd
260 _aLondon
_bConstable and Co
_c1952
350 _a0
520 _aShelf 137
942 _n0
948 _c04/03/1997
999 _c87326
_d87326